LEADER 00644nam a2200193 i 4500 001 000000102958 003 CaOOAMICUS 005 20010912000000.0 008 010912s1992 it u000 u ita u 013 $a75116 020 $a88-14-02838-9 040 $aSeMil$bita 245 10$aTariffa-Trattato. 300 $aXXX, 1430 p. 773 0 $tEnciclopedia del diritto.$dMilano : Giuffrè, 1958-1995.$g44$w()3324 850 $aSeMil 852 $aSeMil$W1$xVenegono$y1$mSL1.N VII 59$j258166$B59419$CSeMilBibl$Z2$F43910 $8I 996 $6020$a88-14-02838-9$9(OLS)http://semarc/number/82667 996 $6245$aTariffa-Trattato$9(OLS)http://semarc/title/149702 LEADER 01262nam a2200253 i 4500 001 000000122591 003 CaOOAMICUS 005 20040205000000.0 008 040205s1951 fr u000 u fre u 013 $a95286 040 $aSeMil$bita 245 10$aJérémie ; Les lamentations ; Le livre de Baruch /$ctraduits par A. Gelin. 260 $aParis :$bLes Éditions du Cerf,$c1951. 300 $a309 p. ;$c20 cm. 490 0 $aLa Sainte Bible 650 4$aBibbia. Antico Testamento. Geremia - Commentari, studi, critica, interpretazioni.$0(OLS)http://semarc/subject/29 650 4$aBibbia. Antico Testamento. Lamentazioni - Commentari, studi, critica, interpretazioni.$0(OLS)http://semarc/subject/13557 650 4$aBibbia. Antico Testamento. Baruch - Commentari, studi, critica, interpretazioni.$0(OLS)http://semarc/subject/21059 700 1 $aGelin, Albert,$c.$0(OLS)http://semarc/name/30404 830 3$aLa Sainte Bible.$0(OLS)http://semarc/title/9265 850 $aSeMil 852 $aSeMil$W1$xVenegono$y1$m2VA VII 23$j264081$B77549$CSeMilBibl$Z2$F79513 $81 996 $6245$aJérémie ; Les lamentations ; Le livre de Baruch$9(OLS)http://semarc/title/153749 996 $6260$aParis :$bLes Éditions du Cerf$9(OLS)http://semarc/publisher/29611